000 00451pab a2200169 454500
008 180718b2009 xxu||||| |||| 00| 0 eng d
100 _aKazi, Seema
245 _aShopian: war, gender and democracy in Kashmir
260 _c2009
300 _ap.13-15.
362 _a5 Dec
650 _aJammu and Kashmir - Politics and government
650 _aPolitics and government
773 _aEconomic and Political Weekly
908 _aN
909 _a84799
999 _c84799
_d84799